International Airlines by 2 Letter Codes - Statistics

General Stats
  • This quiz has been taken 1,168 times
  • The average score is 10 of 21
Answer Stats
Hint Answer % Correct
SQ SINGAPORE AIRLINES
77%
BA BRITISH AIRWAYS
72%
LH LUFTHANSA
71%
UA UNITED AIRLINES
71%
AC AIR CANADA
63%
CX CATHAY PACIFIC
60%
GA GARUDA INDONESIA
56%
TK TURKISH AIRLINES
55%
JL JAPAN AIRLINES
53%
MH MALAYSIAN AIRLINES
50%
AI AIR INDIA
42%
KE KOREAN AIR
42%
TG THAI AIRWAYS
41%
EY ETIHAD AIRWAYS
38%
CI CHINA AIRLINES
35%
AZ ALITALIA
34%
LX SWISS AIR
34%
CZ CHINA SOUTHERN AIRLINES
22%
PR PHILIPPINES AIRLINES
16%
SV SAUDI ARABIAN AIRLINES
11%
EK FLY EMIRATES
10%
No matching quizzes found
Score Distribution
Percent of People with Each Score
Percentile by Number Answered
Your Score History
You have not taken this quiz